000 00253nam a2200121Ia 4500
100 _aTeicholz/Eric
942 _cRB
654 _aCAD
245 _aCAD/CAM Handbook
260 _bMcGraw Hill
_aNew York
_c1985
082 _a1.535
_bTEI
546 _aENGLISH
999 _c34404
_d34404